Artificial Intelligence: Effective HR Assistant or Invisible Dictator?

Priemyselné revolúcie neustále formovali trh práce a ovplyvnili životy miliónov ľudí. Každá priemyselná revolúcia ovplyvnila pracovníkov, no zavedenie AI je jedinečné v tom zmysle, že mení samotnú povahu práce. Prvýkrát v histórii ľudstva dokáže nahradiť nielen rutinné manuálne úkony, ale aj činnost...

Full description

Saved in:
Bibliographic Details
Main Author: Mura, Ladislav, 1979-
Other Authors: Stehlíková, Beáta
Format: Book Chapter
Language:English
Subjects:
Tags: Add Tag
No Tags, Be the first to tag this record!

MARC

LEADER 00000naa a2200000 4500
001 0308483
005 20260212085005.3
041 0 |a eng 
044 |a PL 
245 1 0 |a Artificial Intelligence: Effective HR Assistant or Invisible Dictator?  |c Ladislav Mura, Beáta Stehlíková 
520 |a Priemyselné revolúcie neustále formovali trh práce a ovplyvnili životy miliónov ľudí. Každá priemyselná revolúcia ovplyvnila pracovníkov, no zavedenie AI je jedinečné v tom zmysle, že mení samotnú povahu práce. Prvýkrát v histórii ľudstva dokáže nahradiť nielen rutinné manuálne úkony, ale aj činnosti vyžadujúce analytické myslenie, rozhodovanie a kreativitu. 
610 2 0 |a inteligencia umelá 
610 2 0 |a zdroje ľudské 
610 2 0 |a pomoc technická 
610 2 0 |a diktatúra 
610 2 0 |a revolúcia 
610 2 0 |a revolúcia technická 
610 2 0 |a revolúcia vedeckotechnická 
610 2 0 |a revolúcia priemyselná 
100 1 |a Mura, Ladislav, 1979- 
700 1 |a Stehlíková, Beáta